LEADER 01702nam 2200493I 450 001 9910705718403321 005 20170706092731.0 035 $a(CKB)5470000002453226 035 $a(OCoLC)992973360 035 $a(EXLCZ)995470000002453226 100 $a20170706j201706 ua 0 101 0 $aeng 135 $aurcn||||||||| 181 $ctxt$2rdacontent 182 $cc$2rdamedia 183 $acr$2rdacarrier 200 10$aShed vortex structure and phase-averaged velocity statistics in symmetric/asymmetric turbulent flat plate wakes /$fMan Mohan Rai 210 1$aMoffett Field, California :$cNational Aeronautics and Space Administration, Ames Research Center,$dJune 2017. 215 $a1 online resource (28 unnumbered pages) $ccolor illustrations 225 1 $aNASA/TM ;$v2017-219522 300 $a"June 2017." 320 $aIncludes bibliographical references (pages [27-28]). 606 $aDirect numerical simulation$2nasat 606 $aFlat plates$2nasat 606 $aLaminar boundary layer$2nasat 606 $aReynolds number$2nasat 606 $aTurbulent boundary layer$2nasat 606 $aVortex shedding$2nasat 606 $aWakes$2nasat 615 7$aDirect numerical simulation. 615 7$aFlat plates. 615 7$aLaminar boundary layer. 615 7$aReynolds number. 615 7$aTurbulent boundary layer. 615 7$aVortex shedding. 615 7$aWakes. 700 $aRai$b Man Mohan$01389366 712 02$aAmes Research Center, 801 0$bGPO 801 1$bGPO 906 $aBOOK 912 $a9910705718403321 996 $aShed vortex structure and phase-averaged velocity statistics in symmetric$93460340 997 $aUNINA